000 00221nam a2200097Ia 4500
008 240625s9999 xx 000 0 und d
041 _aeng
100 _aPC QUEST
245 _aPC QUEST 8 5 GB DUAL LAYER DVD
260 _c1910
999 _c34603
_d34603